Normal view
MARC view
Entry Personal Name
001 - CONTROL NUMBER
- control field: 371914
003 - CONTROL NUMBER IDENTIFIER
- control field: OSt
005 - DATE AND TIME OF LATEST TRANSACTION
- control field: 20220927105344.0
008 - FIXED-LENGTH DATA ELEMENTS
- fixed length control field: 220927|| aca||aabn | a|a d
040 ## - CATALOGING SOURCE
- Original cataloging agency: OSt
- Transcribing agency: OSt
100 ## - HEADING--PERSONAL NAME
- Personal name: KELEGAMA Saman
670 ## - SOURCE DATA FOUND
- Source citation: Work cat.: (OSt)692071: KELEGAMA Saman, "Migration, remittances and development in South Asia", 2011
